000 00772nam a2200277Ia 4500
003 OSt
005 20221006141649.0
006 a|||||r|||| 00| 0
007 ta
008 221006b |||||||| |||| 00| 0 jpn d
020 _cY2000
024 _a3,744
037 _bGift, Japan Foundation
_cTextual
040 _aEASL
_cEASL
_bjpn
041 _2jpn
_ajpn
082 _aP42,D:4k, N3
100 _aYAMADA Toshio Ed.
_9646007
245 0 _aHikkei kogo jiten
260 _aTokyo
_bKadokawa Shoten Japan
_c1993
300 _a960p.
_ccm.
490 _v RR
650 _aJL
700 _a YOSHIKAWA Yasuo Ed.
_9646008
942 _hP42,D:4k, N3
_cTEXL
_2CC
999 _c1071830
_d1071830